Countries with a 4000 metre Mountain Peak - Statistics

General Stats
  • This quiz has been taken 20 times
  • The average score is 36 of 43
Answer Stats
Continent Country Peak Maximum Elevation (m) % Correct
Asia China Mt. Everest 8849
100%
Europe France Mont Blanc 4806
100%
Asia India Kangchenjunga 8586
100%
Asia Nepal Mt. Everest 8849
100%
South America Peru Huascarán 6768
100%
North America United States Denali 6190
100%
South America Argentina Anconcagua 6961
94%
South America Chile Ojos del Salado 6893
94%
South America Colombia Pico Cristóbal Colón 5775
94%
Africa Kenya Mount Kenya 5199
94%
Asia Kyrgyzstan Jengish Chokusu 7439
94%
North America Mexico Pico de Orizaba 5636
94%
Asia Pakistan K2 8611
94%
Europe Russia Mount Elbrus 5642
94%
Europe Switzerland Dufourspitze 4634
94%
Asia Tajikistan Ismoil Somoni Peak 7495
94%
Africa Tanzania Kilimanjaro 5895
94%
Asia Afghanistan Noshoq 7492
89%
South America Bolivia Sajama 6542
89%
Africa Democratic Republic of the Congo Mount Stanley 5109
89%
South America Ecuador Chimborazo 6263
89%
Asia Indonesia Puncak Jaya 4884
89%
Europe Italy Mont Blanc 4806
89%
Asia Kazakhstan Khan Tengri 7010
89%
South America Venezuela Pico Bolívar 4978
89%
Asia Armenia Mount Aragats 4090
83%
Asia Azerbaijan Mount Bazardüzü 4466
83%
Asia Iran Damavand 5609
83%
Africa Uganda Mount Stanley 5109
83%
Asia Bhutan Gangkhar Puensum 7571
78%
Asia Georgia Shkhara 5203
78%
Asia Mongolia Khüiten Peak 4356
78%
Asia Turkey Mount Ararat 5137
78%
Africa Ethiopia Ras Dejen 4550
72%
North America Guatemala Volcán Tajumulco 4203
72%
Australia (Oceania) Papua New Guinea Mount Wilhelm 4509
72%
Asia Uzbekistan Khazret Sultan 4643
72%
Africa Cameroon Mount Cameroon 4040
61%
Asia Malaysia Gunung Kinabulu 4095
61%
Asia Myanmar Hkakabo Razi 5881
61%
Africa Rwanda Mount Karisimbi 4507
61%
North America Canada Mount Logan 5959
39%
Africa Morocco Jbel Toubkal 4167
22%
No matching quizzes found
Score Distribution
Percent of People with Each Score
Percentile by Number Answered
Your Score History
You have not taken this quiz